Anglais : linge / vêtements - Statistiques

Statistiques générales
  • Ce quiz a été pris 227 fois
  • Le résultat moyen est 23 sur 58
Statistiques - réponses
Français Anglais % Correct
robe dress / gown
89%
chemise shirt
80%
t-shirt t-shirt
78%
jupe skirt
77%
pantalon trousers (UK) / pants (US)
76%
jean jeans
75%
chapeau hat
74%
chaussure shoe
74%
sac bag
71%
pull, pull-over sweater / jumper (UK) / pullover
71%
vêtements clothes
70%
bottes boots
67%
porter (un vêtement) wear / have on
67%
chaussettes socks
65%
manteau coat
63%
aller bien à qqn suit / look good on
58%
gant glove
57%
sac à main handbag (UK) / purse (US)
57%
casquette cap
54%
veste jacket
54%
petite culotte knickers (UK) / pants (UK) / panties (US) / underpants
54%
écharpe scarf
53%
baskets trainers (UK) / sneakers (US)
52%
sweat sweatshirt
47%
short shorts
46%
maillot de bain (pour femmes) swimsuit / bathing suit / bikini
45%
soutien-gorge bra
42%
trench trench coat
42%
sous-vêtements underwear
41%
un pyjama pyjamas (UK) / pajamas (US)
39%
sweat à capuche hoodie
35%
oreiller pillow
35%
serviette de bain bath towel
30%
serviette de toilette hand towel
30%
enlever (un vêtement) take off
28%
essayer (des vêtements) try (clothes) on
26%
un imperméable a raincoat / mackintosh (UK) / waterproof jacket
24%
sandales sandals
22%
couverture blanket / cover(s) / throw
21%
enfiler (un vêtement) put on / slip on / pull on
20%
survêtement, jogging tracksuit
20%
chemise de nuit nightdress / nightshirt / nightgown
18%
pantoufles slippers
18%
débardeur vest top (UK) / tank top (US)
15%
gilet cardigan
14%
taie d'oreiller pillow case
11%
col roulé turtleneck / polo neck (UK) / roll-neck
11%
bonnet beany / beanie
10%
aller comme un gant fit like a glove
9%
draps (de lit) bedsheets
8%
col (pour un vêtement) collar
7%
peignoir robe
7%
caleçon boxer shorts / trunks
4%
couette quilt / duvet (UK) / comforter (US)
4%
maillot de bain (pour hommes) swimming trunks / bathing trunks
4%
gant de toilette wash mitt / flannel (UK) / washcloth (US)
4%
couvre-lit, dessus-de-lit bedspread
2%
housse de couette quilt cover
1%
Aucun quiz correspondant
Distribution des résultats
% des personnes avec chaque résultat
Percentile par nombre de réponses
Votre historique - résultats
Vous n’avez pas pris ce quiz